00667 a2200181 4500020001800000040003300018082001200051082001200063082001200075100001600087245005200103246004800155260013800203300006300341505002000404650002300424650003800447 a0-201-70262-2 aLibrary of CongressbEnglish a006.786 a006.786 a006.7861 aGross, Phil00aDirector 8 and Lingo authorized cby Phil Gross14aMacromedia Director 8 and Lingo authorized. aBerkeley, Calif. :bMacromedia Press in association with Peachpit Press ;a[Harlow] :b[distributed by Addison Wesley Longman],c2000 axii, 803 s. :bill. ;c26cm +ecomputer laser optical disk8 aIncludes CD-ROM 7aMultimedia systems 7aLingo (Computer program language)